000 00726nam a22002177a 4500
999 _c19670
_d19670
003 AR-CdUCM
008 190225b ||||| |||| 00| 0 esp d
020 _a9681616359
040 _aMUNICIPALIDAD PROVINCIAL DEL CUSCO
_cBIBLIOTECA MUNICIPAL DEL CUSCO
082 _a299.7281 /
_bP82
245 _aPopol Vuh :
_bLas antiguas historias del Quiché /
260 _aMéxico :
_bFondo de cultura Económica,
_c1947.
300 _a287 paginas ;
_c21 cm.
505 _aContenido : Las narraciones de los indios -- El manuscrito de chichicastenango...
650 _aCreación
_93051
650 _aIndios
_9631
650 _aMitología quiché
_93052
700 _aRecinos, Adrián,
_93053
942 _2ddc
_cLIBROS
945 _arcc